POLICIES of the federal republic of Nigeria the obasanjo years (1999-2007)
Guardat en:
| Format: | Llibre |
|---|---|
| Idioma: | anglès |
| Publicat: |
Joyce Graphics Publishers
2006
|
| Etiquetes: |
Afegir etiqueta
Sense etiquetes, Sigues el primer a etiquetar aquest registre!
|
MARC
| LEADER | 00000nam a22000007a 4500 | ||
|---|---|---|---|
| 008 | 240520b |||||||| |||| 00| 0 eng d | ||
| 020 | |a 9780759419 | ||
| 245 | |a POLICIES of the federal republic of Nigeria |b the obasanjo years (1999-2007) |c /edited by Hobson E.Nnebe |g xii,608p | ||
| 250 | |c Nnebe, Hobson E. | ||
| 260 | |b Joyce Graphics Publishers |c 2006 |h Kaduna, Nigeria |i 701371 |i 701372 |i 701373 |l DT515.844.P76 |m Democarcy-Nigeria |m Nigeria-Politics and government-1999-2007 |m Nigeria-Politics and government-2007 | ||
| 942 | |a lcc |c BK |e Johnson |f 20/05/24 | ||
| 952 | |0 0 |1 0 |2 lcc |4 0 |6 DT0515844 P76 |7 0 |9 5122 |a HOL |b HOL |c AF |d 2024-05-20 |l 0 |o DT515.844.P76 |p 2024-0369 |r 2024-05-20 00:00:00 |t 701372 |w 2024-05-20 |y BK | ||
| 999 | |c 2545 |d 2545 | ||